000 00425nam a2200205Ia 4500
001 000816
003 YMCAF
005 20230512160035.0
008 100717s1971 ||||||||||||||||| ||und|d
024 _a816
035 _a798
040 _aYMCAF
_beng
_cIN-KoLT
041 _aeng
082 _aIND-KLO1
100 _aKLOEFFLER ROYCE
245 0 _aINDUSRIAL ELECTRONIC
260 _c1971
300 _a546
942 _2ddc
_cBK
999 _c633
_d633